000 00622nam a2200277Ia 4500
005 20260324123033.0
008 008 260324s9999 xx 000 0 eng d
020 _a9780203127452
037 _aEBOOK
040 _aCRL
040 _beng
040 _cCRL
041 _2eng
041 _aeng
084 _qCRL
100 _aJanice Denoncourt
_91168783
245 0 _aQ&A Business Law
260 _bTaylor and Francis
260 _c2012
365 _a
365 _b300
856 _uhttp://www.taylorfrancis.com/books/9780203127452
942 _cEBOOK
999 _c1761957
_d1761957